000 00269nam a2200097Ia 4500
008 230915s9999 xx 000 0 und d
050 _aLC3981.H35 2003
100 _aDANIEL P. HALLAHAN
245 0 _aEXCEPTIONAL LEARNERS: INTRODUCTION TO SPECIAL EDUCATION
942 _cBK
999 _c171284
_d171284